Curso de programación orientada a objetos en C#.NET (Registro nro. 10463)
[ vista simple ]
| 000 -CABECERA | |
|---|---|
| campo de control de longitud fija | 00658ntm a22002537a 4500 |
| 005 - FECHA Y HORA DE ACTUALIZACIÓN | |
| campo de control | 20230711085616.0 |
| 008 - LONGITUD FIJA | |
| campo de control de longitud fija | 180315b2016 xxu||||| |||| 00| 0 spa d |
| 020 ## - INTERNATIONAL STANDARD BOOK NUMBER | |
| Número Internacional Estándar del Libro | 9786076226599 |
| 041 ## - IDIOMA | |
| Código de idioma del texto/pista de sonido o título separado | Español |
| 082 ## - CLASIFICACIÓN DECIMAL DEWEY | |
| Número de clasificación | 005.133 L864c |
| 100 ## - AUTOR PERSONAL | |
| Nombre de persona | López Takeyas, Bruno |
| 245 ## - TÍTULO PROPIAMENTE DICHO | |
| Título | Curso de programación orientada a objetos en C#.NET |
| 260 ## - PIE DE IMPRENTA | |
| Lugar de publicación, distribución, etc. | México |
| 260 ## - PIE DE IMPRENTA | |
| Nombre del editor, distribuidor, etc. | Alfaomega |
| 260 ## - PIE DE IMPRENTA | |
| Fecha de publicación, distribución, etc. | 2016 |
| 300 ## - DESCRIPCIÓN FÍSICA | |
| Extensión | 440 páginas |
| 650 ## - Materia General | |
| Materia general | PROGRAMACIÓN DE OBJETOS |
| 650 ## - Materia General | |
| Materia general | C#.NET |
| 650 ## - Materia General | |
| Materia general | CLASES |
| 650 ## - Materia General | |
| Materia general | HERENCIA |
| 650 ## - Materia General | |
| Materia general | POLIMORFISMO |
| 650 ## - Materia General | |
| Materia general | ARCHIVOS |
| 942 ## - Punto de Acceso Adicional Koha | |
| Tipo de ítem Koha | Libro |
| Estado perdido | Estado dañado | No para préstamo | Biblioteca permanente | Biblioteca actual | Signatura completa | Código de barras | Precio efectivo a partir del | Tipo de ítem |
|---|---|---|---|---|---|---|---|---|
| Departamento de Biblioteca y Documentación Alfonso Chase Brenes | Departamento de Biblioteca y Documentación Alfonso Chase Brenes | 005.133 L864c | 22889 | 15/03/2018 | Libro |